[Event "EU-chT (Men) 14th"]
[Site "Plovdiv"]
[Date "2003.10.18"]
[Round "7.3"]
[White "Ivanisevic, Ivan"]
[Black "Baklan, Vladimir"]
[Result "0-1"]
[WhiteElo "2548"]
[BlackElo "2600"]
[Annotator "Ribli,Z"]
[PlyCount "62"]
[EventDate "2003.10.10"]
[EventType "team-swiss"]
[EventRounds "9"]
[EventCountry "BUL"]
[SourceTitle "CBM 098"]
[Source "ChessBase"]
[SourceDate "2004.02.03"]
[SourceVersion "1"]
[SourceVersionDate "2004.02.03"]
[SourceQuality "1"]
[WhiteTeam "Serbia & Montenegro"]
[BlackTeam "Ukraine"]
[WhiteTeamCountry "YUG"]
[BlackTeamCountry "UKR"]

1. Nf3 Nf6 2. c4 e6 3. Nc3 Bb4 4. Qc2 O-O 5. a3 Bxc3 6. Qxc3 {Hier haben wir
eine ähnliche Stellung, wie in der Nimzoindischen Verteidigung 4.Qc2 Variante.
(1.d4 Nf6 2.c4 e6 3.Nc3 Bb4 4.Qc2 0-0 5.a3 Bxc3+ 6.Qxc3). Weiß hat das
Läuferpaar, aber Schwarz hat keine Schwächen und die c3Q kann später auf der
c-Linie exponiert sein.} b6 7. g3 Bb7 8. Bg2 c5 (8... d5 $5 {Dieser Zug - von
Großmeister Dautov mehrmals gespielt - komm auch stark in Betracht.}) 9. b4 d6
10. Bb2 Nbd7 11. O-O Rc8 {[%cal Gc8c3] Schwarz möchte den Nutzen daruas ziehen,
dass die weiße Dame auf der c-Linie steht.} (11... Qc7) 12. d3 {Das ist der
natürliche Entwicklungszug, aber 12.b5!? kommt auch in Betracht.} (12. b5 $5
Qc7 13. d3 d5 14. e3 dxc4 15. dxc4 Be4 16. Ne1 Bxg2 17. Nxg2 e5 18. f3 Rfe8 19.
e4 Nf8 20. Ne3 N6d7 21. Nd5 Qb8 22. f4 {1-0 Ostojic,N-Maksimovic,M/Vrnjacka
Banja 1998/EXT 2002 (44)}) 12... d5 (12... Re8 13. Qd2 Nf8 14. bxc5 bxc5 15.
Rab1 N6d7 16. Qg5 Qxg5 17. Nxg5 Bxg2 18. Kxg2 f5 19. Bc3 Nb6 20. f4 d5 21. cxd5
exd5 22. Be5 Nfd7 23. Nf3 h6 24. Kf2 Kf7 25. Rb5 g5 {1/2-1/2 Pogorelov,
R-Jobava,B/Istanbul 2003/CBM96(43)}) 13. cxd5 $6 {Mit diesem Zug hilft Weiß
dem Gegner - in folgendem kann Schwarz seine Zentrumstellung verstärken. Die
beste Möglichkeit für Weiß ist 13.b5! und im Falle von 13...d4 kann Weiß 14.
Qd2 spielen und später e2-e3 ziehen.} (13. e3 dxc4 14. dxc4 Qc7 15. b5 Rfd8 16.
Rad1 Ne8 17. Qc2 f6 18. Rd2 Nf8 19. Rfd1 Nd6 20. Ne1 {1/2-1/2 Vul,A-Chloupek,S/
Prague 1996/EXT 2001 (20)}) (13. Qb3 Qc7 14. b5 d4 15. e4 dxe3 16. fxe3 Rfe8
17. Qc3 e5 18. e4 Rcd8 19. Bh3 Bc8 20. Rad1 Re7 21. Nh4 g6 22. Ng2 Qd6 23. Ne3
Bb7 24. Qe1 h5 {1/2-1/2 Malakhatko,V-Kushch,N/Alushta 1999/EXT 2001 (29)}) (13.
b5 $1) 13... exd5 $5 {Dieser Zug wurde früher nicht gespielt. Mit der
Partiefortsetzung öffnet Schwarz die e-Linie und stärkt seine Bauernstellung
im Zentrum.} (13... Bxd5 14. e4 Bb7 15. Qb3 Qc7 16. Rac1 Qb8 17. Qa2 Rfd8 18.
Qa1 Ne8 19. Qb1 Qa8 20. Ne5 Nxe5 21. Bxe5 cxb4 22. axb4 Rxc1 23. Rxc1 Rc8 24.
Rc4 {1/2-1/2 Arsovic,G-Zafirovski,M/Vrnjacka Banja 1996/EXT 2000 (54)}) 14. e3
(14. bxc5 bxc5 15. d4 Ne4 16. Qc2 c4 $13) 14... Re8 15. b5 (15. bxc5 bxc5 16.
Rab1 $11) 15... a6 16. a4 (16. bxa6 Bxa6 17. Rab1 $11) 16... Ra8 17. Rfe1 Qc7
18. Nh4 Ne5 19. e4 $6 (19. d4 Nc4 $15) (19. Qc2 $11) 19... d4 $15 {Dieser Zug
kommt mit Tempo und was noch wichtiger ist, ist, dass dem weißen
dunkelfarbigen Läufer die Diagonale verschlossen wird.} 20. Qb3 (20. Qc2 axb5
21. axb5 Qd7 $15) 20... axb5 21. axb5 Qd7 22. h3 (22. f4 $5 Ng6 (22... Neg4 23.
Bh3 $132) 23. Nxg6 hxg6 $15) 22... Rxa1 23. Bxa1 (23. Rxa1 c4 24. dxc4 Nxe4 $15
(24... Bxe4 25. Rd1 $132)) 23... Ng6 $1 24. Nf3 (24. Nf5 $6 Bd5 25. Qd1 Be6 $17
) (24. Nxg6 hxg6 $15) 24... Qe6 25. Qc2 $2 {[%mdl 16384] Es wäre notwendig für
Weiß die aktive schwarze Dame zu tauschen.} (25. Qxe6 fxe6 26. Nd2 Ne5 27. Bf1
g5 28. f4 $132) 25... Ra8 {[%csl Ra1,Ga8,Ge6][%cal Ga8a2,Ga2h2]} 26. Nd2 Nd5 $1
{[%cal Ge6e1,Gd5b4]} 27. Bf1 Nb4 $17 {Die Erscheinung des Springers auf b4 ist
sehr unangenehm für Weiß - die Schwächung des d3-Bauern wird fühlbar.} 28. Qb1
Ra2 29. Rd1 $2 (29. Nc4 Ne5 30. Nxe5 Qxe5 $17) 29... Ne5 {[%csl Ra1,Ga2,Gb4,
Rd3,Ge5][%cal Ga2h2]} 30. Be2 (30. Kg2 Bc8 $19 {[%cal Rc8h3,Rh3g2]}) 30...
Nbxd3 $1 {[%mdl 64] Mit diesem Zug gewinnt Schwarz den Schlüsselbauern und die
Partie.} 31. Kg2 (31. Bxd3 Rxd2 32. Rxd2 Nf3+ $19 {[%cal Rf3g1,Rf3d2,Rd2b1]})
31... Bxe4+ {[%csl Rg2][%cal Ga2e2]} 0-1

[Event "EU-ch 4th"]
[Site "Istanbul"]
[Date "2003.06.05"]
[Round "6"]
[White "Pelletier, Yannick"]
[Black "Mchedlishvili, Mikheil"]
[Result "0-1"]
[WhiteElo "2623"]
[BlackElo "2560"]
[Annotator "Ribli,Z"]
[PlyCount "100"]
[EventDate "2003.05.30"]
[EventType "swiss"]
[EventRounds "13"]
[EventCountry "TUR"]
[SourceTitle "CBM 096"]
[Source "ChessBase"]
[SourceDate "2003.09.25"]
[SourceVersion "1"]
[SourceVersionDate "2003.09.25"]
[SourceQuality "1"]

1. Nf3 Nf6 2. c4 e6 3. Nc3 Bb4 4. Qb3 {Das ist eine prinzipielle Fortsetzung -
es hängt der b4B und Weiß kann auf c3 mit der Dame wiederschlagen. Aber der
Nachteil des Zuges ist, dass die Dame nicht immer gut auf b3 steht.} c5 5. g3
O-O 6. Bg2 Nc6 7. d3 d5 (7... d6 8. O-O h6 9. a3 Ba5 10. e3 e5 11. Nd2 Bxc3 12.
Qxc3 a5 13. b3 Be6 14. Bb2 Qd7 15. f4 Bh3 16. fxe5 dxe5 17. Rxf6 Bxg2 18. Kxg2
gxf6 19. Ne4 Qe6 20. Rf1 $44 {1/2-1/2 Pelletier,Y-Romanishin,O/Leon 2001/CBM
86 (36)}) 8. O-O h6 9. Bf4 (9. Na4 b6 10. a3 Ba5 11. Qc2 Bd7 12. e3 (12. b3 Rc8
13. Bb2 d4 14. e3 e5 15. exd4 exd4 16. Bc1 Re8 17. Bd2 Bxd2 18. Nxd2 Ne5 19.
Rae1 Bf5 20. Nb2 Qd7 {0-1 Wilhelmi,C-Aseev,K/Berlin 1997/CBM 59 ext (41)})
12... Rc8 13. b3 Qe7 14. Bb2 Rfd8 15. Nc3 Be8 16. Rfd1 a6 17. Rac1 Rb8 $2 18.
cxd5 exd5 19. d4 Rbc8 20. dxc5 bxc5 21. Na4 {1-0 Kalod,R-Berzinsh,R/Olomouc
1997/CBM 61 (40)}) (9. a3 Ba5 10. Rb1 Re8 11. Nd2 Rb8 12. e3 Bxc3 13. bxc3 b6
14. Qc2 Na5 15. Nb3 Nxb3 16. Qxb3 Bb7 17. cxd5 Bxd5 18. Bxd5 exd5 19. Qa4 Re7
20. Bb2 b5 21. Qf4 c4 {0-1 Baron Isanta,J-Garcia Ilundain,D/ESP 1997/EXT 2002 
(31)}) (9. e3) 9... b6 10. a3 Ba5 {Der Läufer steht ein wenig passiv auf a5,
aber es ist nicht leicht für Weiß das auszunutzen.} 11. Na2 $6 {Dieser Zug
erscheint mir ein wenig unnatürlich zu sein. Weiß möchte mit dem Springer den
Wirkungskreis des a5-Läufers entkommen und eventuell b2-b4 spielen, aber er
hat keine Zeit für diese Aktion.} (11. Ne5 Bb7 (11... Nxe5 12. Bxe5 $14) (11...
Nd4 12. Qd1 $14) 12. Nxc6 Bxc6 $11) (11. Qa4 Bb7 12. Nb5 Ne8 13. b4 $5 cxb4 (
13... a6 14. bxa5 axb5 15. Qxb5 Rxa5 16. Qb3 $36) 14. cxd5 exd5 15. axb4 Nxb4 (
15... Bxb4 16. Ne5 $44) 16. Nbd4 $44) 11... Nh5 $11 {Schwarz hat eine bequeme
Stellung. Mit seinem letzten Zug möchte er den f4-Läufer verjagen.} 12. Ne5 (
12. Bd2 Bxd2 13. Nxd2 Nf6 $11) (12. Be3 Nf6 $11) 12... Nxf4 (12... Nxe5 $6 13.
Bxe5 $14) 13. Nxc6 (13. gxf4 Nxe5 (13... Bb7 $15) 14. fxe5 Bb7 $15) 13... Nxe2+
14. Kh1 Qc7 $15 (14... Nd4 15. Nxd4 cxd4 16. cxd5 e5 17. d6 Be6 $15) 15. cxd5
exd5 16. Qxd5 (16. Nxa5 bxa5 17. Qxd5 Rb8 $15) 16... Bb7 {[%cal Rb7h1]} 17. b4
{Es scheint, dass Weiß eine Figur gewinnt, aber Schwarz findet sein Gegenspiel.
} (17. Ne7+ Qxe7 18. Qxb7 Qd6 (18... Qxb7 19. Bxb7 Rab8 (19... Rad8 $2 20. b4
$16) 20. Be4 b5 $15) 19. Qa6 $15 (19. b4 cxb4 20. axb4 Bxb4 21. Nxb4 Qxb4 22.
Qc7 Rad8 23. Rxa7 Rxd3 $17)) 17... Rae8 $1 {[%cal Re8e6,Re6c6][%mdl 2048]} 18.
Rae1 (18. bxa5 Re6 {[%csl Rc6]} 19. Ne7+ Rxe7 20. Qxb7 Qxb7 21. Bxb7 Rxb7 $17)
18... Ba8 (18... Re6 19. Ne7+ Qxe7 (19... Rxe7 20. Qxb7 $16) 20. Qxb7 Nxg3+ 21.
hxg3 Rxe1 22. Qxe7 Rxe7 23. bxa5 Rd8 $15) 19. bxa5 Re6 {[%csl Rc6] Auf diese
Weise gewinnt Schwarz die Figur - mit besserer Stellung - zurück.} (19... Nd4
20. axb6 axb6 21. Nab4 cxb4 22. Qxd4 Bxc6 23. Qxb4 $14) 20. Qc4 (20. Rxe2 Rxe2
21. Nc3 Re6 22. Nb5 Qxc6 23. Qxc6 Bxc6 $19) 20... Bxc6 21. Nc3 Bxg2+ (21... Nd4
$17) 22. Kxg2 Qc6+ 23. f3 Nxc3 (23... Rfe8 24. axb6 axb6 25. Rxe2 Rxe2+ 26.
Nxe2 Rxe2+ 27. Rf2 $15) 24. Qxc3 Rd8 $17 {[%cal Gd8d3] Die Stellung ist nur
materiell gleich - Schwarz hat eine viel bessere Bauernstruktur.} 25. Rxe6 (25.
Qc4 Rxe1 26. Rxe1 b5 27. Qc3 Qd5 $17) 25... Qxe6 {[%csl Rd3,Ge6][%cal Re6a2,
Re6e2] Die schwarze Dame steht aktiv - Weiß hat viele Schwächungen in seiner
Stellung.} 26. Re1 Qa2+ 27. Kg1 Qd5 {[%cal Rd8d3,Rd5f3]} 28. axb6 (28. Re3 b5
$17 (28... Qa2 $17)) 28... axb6 29. Re3 Qa2 $1 {[%csl Ga2][%cal Ga2h2] Es
droht nichts Konkretes, aber Weiß befindet sich im Zugzwang. Ich sehe keine
nützlichen Züge für Weiß.} 30. g4 Rd4 {[%csl Gd4][%cal Rd4a4,Ra4a3] Die
schwarze Drohung ist 31...Ra4 mit Bauerngewinn.} 31. Re8+ Kh7 32. Re7 Qb1+ 33.
Kg2 Rxd3 34. Qc4 Rd2+ (34... Qb2+ 35. Kg3 Rxf3+ 36. Kxf3 Qf6+ 37. Kg2 Qxe7 $19)
35. Kh3 Qd3 (35... f5 $1) 36. Qxd3+ (36. Qe4+ Qxe4 37. fxe4 Rd3+ 38. Kg2 Rxa3
$19) 36... Rxd3 {[%cal Rd3a3,Rd3f3]} 37. Kg3 Rxa3 38. Rxf7 {[%mdl 4096]} b5 {
[%csl Gb5,Gc5] Schwarz hat zwei verbundene Freibauern am Damenflügel, während
Weiß kein Gegenspiel am Königsflügel hat.} 39. h4 b4 40. Rb7 b3 41. g5 hxg5 42.
hxg5 c4 $19 {In solchen Stellungen entscheiden die Freibauern die Partie ohne
die Hilfe des Königs.} 43. Kg4 Ra1 44. f4 Kg8 (44... c3 45. Rxb3 c2 $19) 45. g6
Ra8 46. f5 Rc8 {[%csl Gc4][%cal Gc4c3,Gc3c2,Gc2c1]} 47. Kg5 c3 48. Rxg7+ Kxg7
49. f6+ Kg8 50. Kh6 Rc7 (50... c2 51. f7+ Kf8 $19) 0-1

[Event "Leonid Stein Memorial"]
[Site "Lvov"]
[Date "2000.05.12"]
[Round "1"]
[White "Krasenkow, Michal"]
[Black "Romanishin, Oleg M"]
[Result "1-0"]
[WhiteElo "2661"]
[BlackElo "2578"]
[Annotator "Ribli,Z"]
[PlyCount "71"]
[EventDate "2000.05.12"]
[EventType "tourn"]
[EventRounds "10"]
[EventCountry "UKR"]
[EventCategory "17"]
[SourceTitle "CBM 077"]
[Source "ChessBase"]
[SourceDate "2000.07.27"]
[SourceVersion "1"]
[SourceVersionDate "2000.07.27"]
[SourceQuality "1"]

1. Nf3 {Ftacnik McShane} Nf6 2. c4 e6 3. Nc3 Bb4 4. g4 {McShane: 'This
creative move has become popular recently. White aims to harass the knight and
if 4...Nxg4 then 5.Rg1 wins back the pawn.'  Das Patentrezept von Großmeister
Krasenkow. Weiß folgt nicht den traditionellen Spielplänen 4,Qb3, 4.Qc2 oder 4.
g3 (4.d4 führt zur Damen/Nimzoindischen Verteidigung), sondern beginnt sofort
mit einer Aktion am Königsflügel.} O-O {Schwarz kümmert sich nicht um den
weißen Angriff und setzt seine Entwicklung fort.} (4... h6 5. Rg1 b6 6. d3 $5 (
6. Qb3 Nc6 7. h4 Bb7 8. g5 hxg5 9. hxg5 Ng8 10. d4 a5 11. Bd2 a4 12. Nxa4 Bxd2+
13. Kxd2 Na5 14. Qc2 Bxf3 15. exf3 Rh4 16. Re1 Rxd4+ 17. Kc1 Qe7 18. a3 Nc6 19.
Nc3 Rf4 20. Nd5 {1-0 Miroshnichenko,E-Kuzmenko,Y/Caissa Open, Kharkov UKR 2000
(28)}) 6... Bb7 7. e4 d5 8. e5 Nfd7 (8... d4 $5) 9. a3 Bxc3+ 10. bxc3 dxc4 11.
d4 b5 12. Rb1 a6 13. Bxc4 bxc4 14. Rxb7 Nb6 15. Qe2 $13 {1-0 Pelletier,Y-Huss,
A/Open, Cannes FRA 1998 (43)}) (4... d6 $5 5. g5 Nfd7 6. Qc2 Nc6 7. a3 Bxc3 8.
Qxc3 e5 9. b4 Qe7 10. Bb2 (10. d4 a5 11. b5 Nd8 12. Bb2 f6) 10... Nb6 $5 {
Krasenkow,M-Bogdanovski,V/Elista (ol) 73/(14) 1998/Inf 73/[Bogdanovski,V] (14)}
) (4... Bxc3 5. dxc3 d6 6. g5 Nfd7 (6... Ng8 $5 {/\ Ne7}) 7. Bg2 e5 8. Be3 Qe7
9. Nd2 f5 10. gxf6 Nxf6 11. Ne4 Nxe4 12. Bxe4 Nd7 {1-0 Krasenkow,M-Lobron,E/
Subic Bay 72/12 1998/[Krasenkow,M] (36)}) (4... d5 5. g5 Bxc3 6. bxc3 (6. dxc3
Ne4 7. Bg2 $14) 6... Ne4 7. d3 Nxc3 8. Qb3 d4 9. Nxd4 Qxd4 10. Bb2 Qf4 11. Qxc3
Qxg5 12. h4 Qh6 13. Qxg7 Qxg7 14. Bxg7 {1-0 Popov,V-Orlov,V/St Petersburg 1999/
CBM 70 ext (28)}) 5. g5 Ne8 (5... Bxc3 6. bxc3 Ne8 $14 (6... Ne4 $6 7. d3 $16))
6. Qc2 d5 7. b3 (7. a3 Be7 8. cxd5 exd5 9. d4 Nc6 10. Bf4 Bg4 11. Ne5 Nxe5 12.
Bxe5 Bxg5 13. Rg1 Be6 14. e3 f6 15. Bg3 f5 16. Be5 Bf6 17. O-O-O c6 {1/2-1/2
Roiz,M-Alienkin,A/Beersheba 1998/EXT 2000 (17)}) 7... Be7 {Schwarz attackiert
den Pg5. Der Läufer geht zurück in die Verteidigung.} (7... Nc6 8. Bb2 Be7 9.
Rg1 Nb4 10. Qb1 c5 11. h4 b6 12. a3 Nc6 13. Bg2 Bb7 14. Bh1 Nd4 15. Nxd4 cxd4
16. Nd1 e5 {1/2-1/2 Zhukova,N-Lakos,N/Nova Gorica 1999/CBM 71 ext (16)}) 8. Rg1
(8. h4 c5 $13) 8... c5 {Das ist eine altbekannte Regel - wenn der Gegner am
Flügel spielt, muss man im Zentrum kontern. Meiner Meinung nach hat Schwarz
keine Eröffnungsprobleme, weil Weiß weit von konkreten Drohungen am
Königsflügel entfernt ist.} (8... Nc6 $5 9. Bb2 d4 10. Ne4 e5 $13) 9. e3 Nc6 (
9... d4 $5 10. exd4 cxd4 11. Ne4 $13 (11. Nb5 Nc6 12. Qe4 f5 $13) (11. Ne4 {
Ftacnik} Nc6 12. a3 e5 13. Bd3 $14)) 10. Bd3 {Ftacnik: 'Krasenkow has put the
carriage before the horse in the opening, but his kingside attack can become
pretty dangerous.'} f5 (10... Nb4 $5 11. Bxh7+ (11. Qb1 Nxd3+ 12. Qxd3 dxc4 13.
Qxc4 b6 $15) 11... Kh8 12. Qb1 d4 (12... g6 {Ftacnik} 13. Bxg6 fxg6 14. Ne5 $16
) 13. Rg3 {[%cal Rg3h3,Rh3h8]} (13. Qe4 $1 dxc3 (13... f5 14. Qh4) 14. Qh4 $18)
13... d3 (13... dxc3 14. Rh3 $40) 14. Rh3 e5 15. Rh5 $13 (15. Bf5+ Kg8 16. Bh7+
$11)) (10... g6 {Ftacnik} 11. a3 $14) 11. gxf6 Nxf6 12. a3 $13 {Weiß hat
einigen Entwicklungsrückstand, aber nach Bb2 und 0-0-0 - bekommt er eine
Angriffsstellung.} (12. Bb2 {Ftacnik} Nb4 $1) 12... Qe8 {[%cal Ge8h5]} (12...
d4 13. Ne4 Nxe4 14. Bxe4 d3 15. Qb1 $13 {'+/=' Ftacnik.}) 13. Bb2 {McShane: 'A
very original position has been reached.  White has useful control of the
g-file, but his minor pieces could easily end up in a tangle. I prefer White -
the central tension is doing Black fewer favours than White.'} Qh5 (13... d4
14. Nb5 $36) 14. Be2 {[%cal Ge2h5] '!' McShane. McShane: 'The bishop has
created a weakness and now returns to a more natural square.'} d4 (14... dxc4 {
Ftacnik} 15. bxc4 Ne8 16. Ne4 Rxf3 $5 17. Rg3 Ne5 18. Rd1 Bh4 19. Bxe5 Bxg3 20.
Bxg3 $14) 15. Nxd4 $1 (15. exd4 {Ftacnik} cxd4 16. Ne4 e5 $13) 15... Nxd4 (
15... Qxh2 {Ftacnik} 16. Nf3 Qh3 17. Ne4 $16) 16. exd4 Qxh2 17. O-O-O cxd4 18.
Ne4 $44 {[%mdl 128] Weiß hat einen Bauern weniger, dafür verfügt er über
Angriffschancen am Königsflügel.} (18. Nb5 {Ftacnik} e5 $17) 18... Qf4 {
'!' McShane. McShane: 'Recentralizing is the best plan, otherwise Black's
position falls apart even more quickly.'} (18... Nxe4 19. Qxe4 Rxf2 20. Bxd4 $1
Bxa3+ 21. Kc2 (21. Kb1 {Ftacnik} Rf7 (21... Rxe2 22. Rxg7+ Kf8 23. Qf3+ $18)
22. Rh1 Rf4 23. Qe5 Qg3 24. Rdg1 Qxb3+ 25. Ka1 $18) 21... Rf7 22. Rdf1 $36) 19.
Bd3 Nxe4 {'?!' McShane. McShane: 'Easy to criticize, but'} (19... e5 {Ftacnik}
20. Nxf6+ Rxf6 (20... Bxf6 21. Bxh7+ Kf7 {is the best chance, but the black
king is not too inspiring.}) 21. Bxh7+ $16) (19... g6 {Ftacnik} 20. Ng3 $1 (20.
Bxd4 Bxa3+ 21. Kb1 Be7 22. Nxf6+ Bxf6 23. Bxf6 Rxf6 24. Bxg6 hxg6 25. Rxg6+ Kf8
$17) 20... Rd8 21. Bxg6 hxg6 22. Qxg6+ Kf8 23. Nh5 $18) (19... h6 20. Bxd4
Bxa3+ 21. Kb1 Kh8 22. Bxf6 gxf6 23. Rg6 {leaves White in the driving seat}) 20.
Bxe4 h6 (20... Rf5 21. Bxf5 exf5 22. Rde1 $16) 21. Bxd4 Bf6 $2 {Ftacnik:
'Romanishin misses a nice defending motif with exchange of the queen due to a
small combination after 21...Bxa3+. After the text white pieces are better and
his attack continues unhindered.'  Theoretisch betrachtet ist dieser Zug
logisch - Schwarz möchte die schwarzfeldrigen Läufer abtauschen. Das Wegnehmen
des Pa3 mit Schach wäre aber weitaus besser.} (21... Bxa3+ 22. Kb1 (22. Bb2 Qf6
$1) 22... e5 23. Be3 (23. Bh7+ Kh8 24. Be3 Bf5) (23. Bd5+ Kh8 24. Be3 Qf6 {
'=/+' Ftacnik.}) 23... Qxe4 $1 24. Qxe4 Bf5 25. Qxf5 Rxf5 26. Bxh6 Rf7 {
'=' Ftacnik.} (26... Bf8 $11 {Ftacnik}) 27. Be3 $14) 22. Be3 Qd6 (22... Qe5 23.
d4 $16 (23. d4 {Ftacnik} Qa5 24. Kb2 $16)) 23. c5 $16 {[%csl Gc2,Ge3,Ge4,Gg1]
Weiß hat eine starke Angriffsstellung und kann die schwarzen Drohungen gegen
den Pa3 leicht abwehren.} Qa6 24. a4 Qa5 (24... Kh8 25. Rh1 $16) 25. Bxh6 {
Weiß hat nicht nur einen Mehrbauern, sondern auch entscheidenden Angriff.} Qb4
(25... Kh8 26. Rh1 $18) (25... Bd7 {Ftacnik} 26. Rxg7+ $1 Bxg7 27. Bh7+ Kh8 28.
Bxg7+ Kxg7 29. Qg6+ Kh8 30. Qh6 $18) 26. Rxg7+ $1 {[%mdl 512] '!!' McShane.
Ftacnik: 'Beautiful attacking combination to speed up the demise of black king.
' Dieses schöne Turmopfer entscheidet die Partie - Schwarz hat keine
Verteidigung.} (26. d4 {is an alternative way to win, but Krasenkov's method
is undoubtedly more satisfying.}) 26... Bxg7 27. Bh7+ Kh8 28. Bxg7+ Kxg7 29.
Qg6+ Kh8 30. Qh5 $18 {'!' McShane. McShane: 'Black has the move, but is
powerless to defend against White's queen and bishop.'  Schwarz ist am Zug,
aber er kann praktisch nichts machen.} Rxf2 (30... Qa3+ 31. Kc2 Qa2+ 32. Kc3
$18) 31. Be4+ Kg7 32. Rg1+ Kf8 33. Qh6+ Ke7 34. Rg7+ Rf7 35. Qg5+ Ke8 36. Rg8+
1-0

[Event "EU-ch 4th"]
[Site "Istanbul"]
[Date "2003.06.11"]
[Round "11"]
[White "Pogorelov, Ruslan"]
[Black "Jenni, Florian"]
[Result "1-0"]
[WhiteElo "2489"]
[BlackElo "2516"]
[Annotator "Ribli,Z"]
[PlyCount "105"]
[EventDate "2003.05.30"]
[EventType "swiss"]
[EventRounds "13"]
[EventCountry "TUR"]
[SourceTitle "CBM 096"]
[Source "ChessBase"]
[SourceDate "2003.09.25"]
[SourceVersion "1"]
[SourceVersionDate "2003.09.25"]
[SourceQuality "1"]

1. Nf3 Nf6 2. c4 e6 3. Nc3 Bb4 4. Qc2 O-O (4... c5 {Dieser Zug ist eine auch
gut spielbare Alternative.}) 5. a3 Bxc3 6. Qxc3 b6 7. b4 Bb7 8. Bb2 a5 {
Die Alternative 8...d6 kommt auch in Betracht.} 9. e3 d6 (9... Qe7 10. Be2 axb4
11. axb4 Rxa1+ 12. Bxa1 Na6 13. b5 Nc5 14. O-O Ra8 15. Qc2 h6 16. Bb2 Na4 17.
Bd4 Nc5 18. d3 Qd8 19. Nd2 Ra7 $2 20. Bxf6 $1 gxf6 (20... Qxf6 21. d4 $18) 21.
d4 $18 {1-0 Chuchelov,V-Ikonnikov,V/Belgium 2002/CBM 90 ext (55)}) 10. Be2 axb4
11. axb4 Rxa1+ 12. Bxa1 c5 (12... Nbd7 13. O-O Qe7 14. Bb2 Ra8 15. d4 (15. d3
c5 16. Ra1 Rxa1+ 17. Bxa1 Qd8 18. Qa3 Qa8 19. Qxa8+ Bxa8 20. Bc3 {1/2-1/2
Polugaevsky,L-Kholmov,R/Sochi 1988/TD (44)}) 15... c5 16. Nd2 Qf8 17. f3 d5 18.
dxc5 bxc5 19. b5 Nb6 20. Qc2 Nfd7 21. Bd3 h6 22. Ra1 Rxa1+ 23. Bxa1 Qa8 24. Bb2
Na4 25. Bc1 Nab6 {1/2-1/2 Kramnik,V-Anand,V/Frankfurt 1998/CBM 65 ext (44)})
13. O-O Qc7 14. Bb2 e5 {Da Schwarz seinen schwarzfeldrigen Läufer schon los
ist, möchte er die Aktivität des b2-Läufers beschränken.} 15. d3 $14 {[%csl
Gb2,Ge2] Das Material ist ein wenig reduziert, aber Weiß hat kleinen
Positionsvorteil - er hat das Läuferpaar. Die Stellung erinnert mich an die 4.
Qc2-Variante in der Nimzoindischen Verteidigung (1.d4 Nf6 2.c4 e6 3.Nc3 Bb4).
Aber der große Unterschied ist - dort hat Schwarz Gegenspiel, denn der Zug
d2-d4 ist schon gespielt und Schwarz kann das e4-Feld kontrollieren.} Nc6 (
15... Nbd7 16. Ra1 Ra8 $14) 16. b5 Nd8 {[%cal Gd8e6] Der Springer zielt nach
e6, deshalb geht der Plan e3-e4 und später f2-f4 nicht. Andererseits steht der
Springer nicht glücklich auf d8.} (16... Ne7 17. Nh4 Ra8 18. e4 $14 {[%cal
Gf2f4]}) 17. Nd2 {[%cal Ge2f3,Gf3b7]} Ne6 18. Ra1 Ra8 19. Rxa8+ Bxa8 20. Qa3 {
[%csl Ga3][%cal Ga3a8] Weiß hat nur einen mikroskopischen Vorteil - er
kontrolliert die a-Linie.} Qb8 21. Bf3 $1 {[%mdl 32] Das ist eine gute
strategische Idee - Weiß tauscht den aktiven Läufer des Gegners.} Bxf3 22. Nxf3
Qb7 23. h3 h6 24. d4 cxd4 $6 (24... exd4 $5 25. exd4 Qe4 {[%csl Ge4]} 26. dxc5
(26. d5 Nf4 $132) 26... dxc5 27. Bxf6 gxf6 28. Qa7 Qxc4 29. Qxb6 Qc1+ 30. Kh2
Qf4+ 31. Kh1 Qc1+ 32. Ng1 (32. Kh2 $11) 32... c4 $13) 25. exd4 e4 (25... exd4
26. Nxd4 $14) 26. d5 $1 {[%cal Gb2f6]} (26. Nd2 d5 $132) 26... exf3 (26... Nc5
27. Bxf6 gxf6 (27... exf3 28. Bd4 fxg2 29. Qg3 $18 {[%cal Rg3d6,Rg3g7]}) 28.
Nh4 $16) 27. dxe6 Qe4 (27... fxe6 28. Qxd6 Kf7 29. Bd4 $16) 28. Bxf6 gxf6 29.
Qxd6 fxe6 (29... Qe1+ 30. Kh2 Qxf2 (30... fxg2 31. exf7+ Kxf7 32. Kxg2 $16) 31.
Qg3+ Qxg3+ 32. Kxg3 fxe6 33. c5 $18) 30. Qxb6 Qe1+ 31. Kh2 fxg2 32. Qb8+ (32.
Kxg2 Qe4+ 33. Kg3 Qxc4 34. Qd8+ Kf7 35. b6 $16) 32... Kf7 33. Qb7+ Kf8 34. Kxg2
{[%mdl 4096] Weiß hat einen Bauern mehr und seine Freibauern am Damenflügel
sind sehr gefährlich.} (34. Qxg2 Qe5+ 35. Qg3 Qc5 36. Qe3 Qxc4 37. Qxh6+ $16)
34... Qe5 35. Qf3 (35. Qa8+ Kf7 36. Qa7+ Ke8 37. Qe3 $18) 35... Qc7 36. Qg3 Qc5
(36... Qxc4 37. Qd6+ Kf7 (37... Ke8 38. Qc6+ Qxc6+ 39. bxc6 Ke7 40. Kg3 Kd6 41.
Kh4 Kxc6 42. Kh5 $18) 38. b6 Qe4+ 39. Kh2 $16) 37. Qf4 Kf7 (37... Kg7 38. Qb8
$16) 38. Qxh6 Qxc4 39. Qh7+ Kf8 40. Qb7 Qc5 41. Qc6 Qg5+ (41... Qxc6+ 42. bxc6
Ke7 43. h4 $18) 42. Kf1 Qf5 43. b6 $18 {[%csl Gb6,Gc6] Weiß beschäftigt sich
nicht mit der Verteidigung des h3-Bauern - der hat keine Bedeutung, denn der
b-Bauer entscheidet die Partie.} Qxh3+ 44. Ke1 Qg4 45. b7 Qg1+ 46. Ke2 Qg4+ 47.
Kd3 Qd1+ (47... Qf5+ 48. Kc4 Qc2+ 49. Kb5 $18) 48. Kc4 Qc2+ 49. Kb5 Qb2+ 50.
Ka6 Qa3+ 51. Kb6 Qb4+ 52. Kc7 Qa5+ 53. Kc8 1-0